| 000 | 02067ncm0a2200409 4500 | ||
|---|---|---|---|
| 001 | RU\NLR\ONIZ\219576 | ||
| 005 | 20250626085142.0 | ||
| 013 | _a979-0-706431-84-0 | ||
| 021 |
_aRU _b17-112н _917-7н |
||
| 035 | _a(NLR Aleph) 011535164 | ||
| 071 | 2 | 0 | _a12015 |
| 090 |
_a12165549 _c12165549 |
||
| 100 | _a20170913d2017 |||y0rusy50 ca | ||
| 101 | 0 | _arus | |
| 102 | _aRU | ||
| 125 | _azb | ||
| 128 | _aprd | ||
| 145 | 0 | _ab | |
| 200 | 1 |
_aПрелюдия _bНоты _fГ. Ф. Гендель _gперелож. для скрипки и фп. В. Грачёва |
|
| 208 | _a[Клавир и партия] | ||
| 210 |
_aМосква _cКомпозитор _d2017 |
||
| 215 |
_a6 с., 1 парт. _d29 см |
||
| 313 | _aСистематизация документа проведена по изданию - Методика классифицирования музыкальных произведений (нотных изданий) по таблицам Библиотечно-библиографических классификаций : метод. рекомендации / Гос. б-ка СССР им. В.И. Ленина.- М., 1977. Индексу ББК методических рекомендаций присваивается код ББК для научных библиотек - LBC/SL | ||
| 606 | 1 |
_aПереложения для скрипки и фортепиано _jНоты _2nlr_sh |
|
| 686 |
_aЩ955.4-42-095-058.4(4Г) _vLBC/SL _2rubbk |
||
| 700 | 1 |
_9z07790 _aГендель _bГ. Ф. _f1685-1759 _gГеорг Фридрих _4230 _7ba |
|
| 702 | 1 |
_9z09790 _aГрачёв _bВ. Н. _f1950- _gВладимир Николаевич _4030 _7ca |
|
| 790 | 1 |
_9z07700 _aHändel _bG.F. _f1685-1759 _gGeorg Friedrich _4230 _7ba |
|
| 790 | 1 |
_9z09702 _aGračjov _bV. N. _f1950- _gVladimir Nikolaevič _4030 _7ba |
|
| 801 | 0 |
_aRU _bNLR _c20170913 _gPSBO |
|
| 801 | 1 |
_aRU _bNLR _c20170913 _2rusmarc |
|
| 801 | 2 |
_aRU _bNLR _c20190630 |
|
| 852 |
_aNLR _bМ _jК-3/28821 _pМОЭ 2017-7н/112н _t1 |
||
| 942 | _cSCORE | ||
| 980 | _aNB | ||
| 980 | _aONIZ | ||